LEADER 01375nam a2200265 i 4500 001 000000245638 003 CaOOAMICUS 005 20230609132759.0 008 151012s1746 it u000 u ita u 026 $aaro- ,eta a.l- naPr (3) 1746 (R) 040 $aSeMil$bita 100 0 $aGranada, Luis : de ,$c.$0(OLS)http://semarc/name/6103 245 10$aVita del padre maestro Giovanni d'Avila sacerdote secolare e predicatore nell'Andaluzia scritta dal padre fr. Luigi di Granata ... Tradotta dallo spagnuolo .. 260 $aIn Roma :$bDalla Stamperia de' Pagliarini,$c1746. 300 $a312 p. ;$c12°. 500 $aStemma calcogr. di Benedetto XIV su front. stampato in rosso e nero 500 $aTestate, iniz. calcogr. 500 $aSegn.: A-2C8/4 600 04$aGiovanni : d'Avila .$0(OLS)http://semarc/subject/16740 700 1 $aPagliarini, Marco,$c.$0(OLS)http://semarc/name/4573 850 $aSeMil 852 $aSeMil$W1$xVenegono$y1$m3H I 67 FA$j195984$B195984$CSeMilBibl$Z2$F206709 $8I 996 $6245$aVita del padre maestro Giovanni d'Avila sacerdote secolare e predicatore nell'Andaluzia scritta dal padre fr. Luigi di Granata ... Tradotta dallo spagnuolo ..$9(OLS)http://semarc/title/347241 996 $6260$aIn Roma :$bDalla Stamperia de' Pagliarini$9(OLS)http://semarc/publisher/54946 LEADER 01256nam a2200265 i 4500 001 000000069633 003 CaOOAMICUS 005 20080506000000.0 008 080506s1963 it u000 u ita u 013 $a40805 040 $aSeMil$bita 100 1 $aUngari, Paolo <1933-1999>.$0(OLS)http://semarc/name/24561 245 10$aAlfredo Rocco e l'ideologia giuridica del fascismo /$cPaolo Ungari. 260 $aBrescia :$bMorcelliana,$ccopyr. 1963. 300 $a136 p. ;$c20 cm. 490 0 $aBiblioteca di storia contemporanea 490 0 $aBiblioteca di storia contemporanea. Sez. 3, Partiti e ideologie ;$v1 650 4$aDiritto - Concezione fascista.$0(OLS)http://semarc/subject/13817 650 4$aRocco, Alfredo - Pensiero giuridico.$0(OLS)http://semarc/subject/13818 830 0$aBiblioteca di storia contemporanea.$0(OLS)http://semarc/title/374 830 0$aBiblioteca di storia contemporanea. Sez. 3, Partiti e ideologie ;$v1.$0(OLS)http://semarc/title/25675 850 $aSeMil 852 $aSeMil$W1$xVenegono$y1$m2P I 235$j35786$B35786$CSeMilBibl$Z2$F35789 $81 996 $6245$aAlfredo Rocco e l'ideologia giuridica del fascismo$9(OLS)http://semarc/title/111536 996 $6260$aBrescia :$bMorcelliana$9(OLS)http://semarc/publisher/29629